Mortal Kombat 9 Characters Intro Poses - Statistics

General Stats
  • This quiz has been taken 1,479 times
  • The average score is 22 of 27
Answer Stats
Hint Answer % Correct
Vengeance will be mine Scorpion
97%
This fight will be your last Sub-zero
97%
For the Shaolin Kung Lao
93%
Show me what you can do Liu Kang
93%
Thunder take you Raiden
92%
When there is smoke, there is fire Smoke
92%
Safeties disabled; combat mode engaged Cyrax
89%
For the Lin-Kuei Human Sektor
87%
Your soul is mine Shang Tsung
87%
We are many. You are, but one Ermac
86%
I will show no mercy Sektor
86%
I guess I'll have to do this the hard way Sonya
86%
Bring it Jax
85%
I make this look easy Johnny Cage
85%
You'll learn respect Kitana
85%
You will serve me in the Netherrealm Quan Chi
84%
For the Shokan Sheeva
84%
Ancestors, give me strength Nightwolf
83%
Fear me Noob Saibot
83%
Let's Dance Mileena
82%
Police brutality comin up Stryker
82%
This will be easy Jade
81%
You are pathetic and weak Sindel
78%
Let's see what you're made of Kabal
70%
You are not so fearsome Cyber Sub-zero
63%
You..will not see the end of this day Kratos
56%
I'll kill you if I have to Human Cyrax
35%
No matching quizzes found
Score Distribution
Percent of People with Each Score
Percentile by Number Answered
Your Score History
You have not taken this quiz